Flor de Cactus. Antología poética del sur dominicano (Record no. 7867)

MARC details
000 -LEADER
campo de control de longitud fija 00420nam a2200145Ia 4500
001 - NÚMERO DE CONTROL
campo de control 4581
008 - DATOS DE LONGITUD FIJA--INFORMACIÓN GENERAL
campo de control de longitud fija 241024s9999 xx 000 0 und d
020 ## - NÚMERO INTERNACIONAL ESTÁNDAR DEL LIBRO
Número Internacional Estándar del Libro 978-9945-492-65-1
082 ## - NÚMERO DE LA CLASIFICACIÓN DECIMAL DEWEY
Número de clasificación RD/861.44/R426f
100 ## - ENTRADA PRINCIPAL--NOMBRE DE PERSONA
Nombre de persona República Dominicana. Ministerio de Cultura
245 #0 - MENCIÓN DEL TÍTULO
Título Flor de Cactus. Antología poética del sur dominicano
260 ## - PUBLICACIÓN, DISTRIBUCIÓN, ETC.
Nombre del editor, distribuidor, etc. Editora Nacional
Fecha de publicación, distribución, etc. 2015
901 ## - ELEMENTOS DE DATOS A LOCAL LDA (RLIN)
a 17/1/2017 9:52:15 a.m.

No items available.

© 2024. Todos los Derechos Reservados. Desarrollado por IDEICE